[Event "URS-ch sf"]
[Site "Sverdlovsk"]
[Date "1984.??.??"]
[Round "?"]
[White "Lukin, Andrei M"]
[Black "Osnos, Viatcheslav"]
[Result "0-1"]
[WhiteElo "2470"]
[BlackElo "2455"]

1.e4 c5 2.Nf3 e6 3.d4 cxd4 4.Nxd4 Nc6 5.Nc3 a6 6.Bf4 d6 7.Nxc6 bxc6 8.Bc4 d5
9.exd5 cxd5 10.Qf3 Nf6 11.O-O-O Bb7 12.Rhe1 Be7 13.Bd3 O-O 14.Qh3 Rc8 15.Be5 g6
16.Re3 Bd6 17.f4 Bxe5 18.fxe5 d4 19.exf6 Qxf6 20.Ne4 Qf4 21.Kb1 dxe3 22.g3 Qf3  0-1

[Event "URS-ch sf"]
[Site "Sverdlovsk"]
[Date "1984.??.??"]
[Round "?"]
[White "Kupreichik, Viktor D"]
[Black "Osnos, Viatcheslav"]
[Result "1-0"]
[WhiteElo "2480"]
[BlackElo "2455"]

1.e4 c5 2.Nf3 e6 3.d4 cxd4 4.Nxd4 Nc6 5.Nc3 a6 6.Be2 Qc7 7.f4 b5 8.Nxc6 Qxc6
9.Bf3 Bb7 10.Be3 Qc7 11.Qd4 Ne7 12.O-O-O Nc6 13.Qb6 Qxb6 14.Bxb6 Bb4 15.Rd3 Ba5
16.Bxa5 Nxa5 17.Rhd1 Bc6 18.e5 Ra7 19.Bxc6 Nxc6 20.Ne4 Ke7 21.Rg3 g6 22.Rd6 Nb4
23.Kd2 Nd5 24.Ra3 a5 25.Nc3 Nc7 26.b4 Rha8 27.Rxa5 Rxa5 28.bxa5 Rxa5 29.Rb6 Ra7
30.Rb8 f5 31.g3 Ra4 32.Rb7 Nd5 33.Nxd5+ exd5 34.Rxb5 Rxa2 35.Rxd5 Ra1 36.Kc3 Re1
37.h4 Rh1 38.Kb4 Rb1+ 39.Kc4 Rb6 40.Rb5 Ra6 41.Rb8 Ra2 42.Kd3 Ra3+ 43.Rb3 Ra1
44.Kd4 Rc1 45.c4 Rc2 46.Rd3 Rc1 47.Kd5 Re1 48.c5 Re2 49.c6 dxc6+ 50.Kxc6 Rc2+
51.Kd5 Rc1 52.Ra3 Rd1+ 53.Kc5 Rc1+ 54.Kd4 Rg1 55.h5 Rd1+ 56.Ke3 Rh1 57.Ra7+ Ke6
58.hxg6 hxg6 59.Rg7 Re1+ 60.Kf2 Ra1 61.Rxg6+ Kd5 62.Rd6+ Ke4 63.Rd2 Ra6 64.Re2+ Kd5
65.Kf3 Ke6 66.Rd2  1-0

[Event "Thessaloniki ol (Women)"]
[Site "Thessaloniki"]
[Date "1984.??.??"]
[Round "3"]
[White "Gocheva, Rumiana B"]
[Black "Fischdick, Gisela"]
[Result "1-0"]
[WhiteElo "2115"]
[BlackElo "2195"]

1.e4 c5 2.Nf3 e6 3.d4 cxd4 4.Nxd4 Nc6 5.Nc3 Qc7 6.g3 a6 7.Bg2 Nf6 8.O-O Nxd4
9.Qxd4 Bc5 10.Bf4 d6 11.Qd2 h6 12.Rad1 e5 13.Be3 Bg4 14.Bxc5 dxc5 15.f3 Be6
16.Nd5 Bxd5 17.exd5 Qd6 18.c4 O-O 19.Rfe1 Rfe8 20.Re3 Re7 21.Rde1 Rae8 22.Ra3 Nd7
23.Bh3 Nb6 24.Qe2 g6 25.Re3 f5 26.g4 f4 27.Rc3 g5 28.Qe4 Nc8 29.Bf1 Qf6 30.Bd3 Nd6
31.Qg6+ Qxg6 32.Bxg6 Rd8 33.Be4 Kg7 34.Rc2 Kf6 35.b3 Rc8 36.h4 gxh4 37.Rh2 Kg5
38.Kf2 Nxe4+ 39.fxe4 f3 40.Reh1 Kf4 41.Rxh4 Kxe4 42.g5+ Kd3 43.gxh6 Rh7 44.Rd1+ Kc2
45.Re1 Kb2 46.Kxf3 Kxa2 47.Re3 Ka3 48.Ke4 Rd8 49.Rhh3 b5 50.Reg3 Rd6 51.Kxe5 Rdxh6
52.Rxh6 Rxh6 53.d6 Kb4 54.Kd5 bxc4 55.bxc4 a5 56.d7 Rh8 57.Rg1 Rh5+ 58.Kc6 Rh8
59.Rh1 Rxh1 60.d8=Q Rh6+ 61.Kd5 Rh5+ 62.Ke4 Rh1 63.Qd2+ Kxc4 64.Qe2+ Kb4
65.Kd5 c4 66.Qxc4+ Ka3 67.Qd3+ Kb2 68.Qe2+ Ka1 69.Kc4 Rh4+ 70.Kb3 Rh3+ 71.Kc2 Ka2
72.Qe6+  1-0

[Event "Thessaloniki ol (Women)"]
[Site "Thessaloniki"]
[Date "1984.??.??"]
[Round "4"]
[White "Markovic, Gordana"]
[Black "Dahlin Szota, J."]
[Result "1-0"]
[WhiteElo "2170"]
[BlackElo "2100"]

1.e4 c5 2.Nf3 e6 3.d4 cxd4 4.Nxd4 Nc6 5.Nc3 d6 6.Be2 Be7 7.O-O a6 8.Be3 Qc7
9.a4 Nf6 10.Kh1 O-O 11.f4 Bd7 12.Nb3 Na5 13.Nd2 Rfb8 14.Bd3 g6 15.f5 Nc6
16.Bg5 Qd8 17.Nc4 exf5 18.exf5 Ne8 19.Be3 b5 20.axb5 axb5 21.Rxa8 Rxa8 22.Nb6 Rb8
23.Nxd7 Qxd7 24.fxg6 hxg6 25.Bxb5 Qb7 26.Qf3 Ne5 27.Qxb7 Rxb7 28.Bxe8 Rxb2
29.Ba4 Rb4 30.Bb3  1-0

[Event "Thessaloniki ol (Women)"]
[Site "Thessaloniki"]
[Date "1984.??.??"]
[Round "6"]
[White "Brustman, Agnieszka"]
[Black "Dahlin Szota, J."]
[Result "1/2-1/2"]
[WhiteElo "2315"]
[BlackElo "2100"]

1.e4 c5 2.Nf3 e6 3.d4 cxd4 4.Nxd4 Nc6 5.Nc3 d6 6.Be2 Be7 7.O-O Nf6 8.Kh1 O-O
9.f4 Qc7 10.Be3 a6 11.a4 Nxd4 12.Bxd4 e5 13.Be3 exf4 14.Rxf4 Be6 15.Bd3 Nd7
16.Nd5 Bxd5 17.exd5 Ne5 18.Bd4 g6 19.Rf2 Rac8 20.b3 Rfe8 21.c4 Bf8 22.Rf1 Bg7
23.Rc1 Qd7 24.Bg1 Bf8 25.a5 Qd8 26.b4 Qh4 27.Bf2 Qd8 28.Be2 Bg7 29.Qd2 Qd7
30.c5 dxc5 31.bxc5 Red8 32.d6 Re8 33.Bg3 Rcd8 34.Qa2 Rf8 35.Qd5 Rde8 36.Rb1 Nc6
37.Qd2 Bd4 38.Bf3 Bxc5 39.Bd5 Be3 40.Qa2 Nd8 41.Qb3 Bd2 42.Qa2 Bc3 43.Bf4 Be5
44.Bh6 Bg7 45.Bf4 Be5 46.Bh6 Bg7 47.Bf4 Be5  1/2-1/2

[Event "Titograd"]
[Site "Titograd"]
[Date "1984.??.??"]
[Round "?"]
[White "Tal, Mihail"]
[Black "Zapata, Alonso"]
[Result "1-0"]
[WhiteElo "2620"]
[BlackElo "2470"]

1.e4 c5 2.Nf3 e6 3.d4 cxd4 4.Nxd4 Nc6 5.Nc3 a6 6.Be2 Nge7 7.O-O Nxd4 8.Qxd4 Nc6
9.Qd3 Qc7 10.Bg5 Bd6 11.Qh3 O-O 12.Rad1 f6 13.Bc1 Bf4 14.Bxf4 Qxf4 15.Na4 Qc7
16.Qg3 Ne5 17.f4 b5 18.fxe5 bxa4 19.exf6 Qxg3 20.hxg3 Rxf6 21.Rf4 Rb8 22.b3 axb3
23.axb3 e5 24.Rf3 Rbb6 25.Rxf6 gxf6 26.Bg4 Bb7 27.Bf5 d6 28.Kf2 h6 29.Ke3 Kg7
30.g4 Kf7 31.Rd3 Ke7 32.Kd2 Rb4 33.c4 Bc6 34.Rh3 Rb8 35.Rxh6 Rxb3 36.g5 fxg5
37.c5 Bb5 38.cxd6+ Kf8 39.d7 Rd3+ 40.Kc2 Kg7 41.Rb6 Rd4 42.Rb8 Bd3+ 43.Kc1 Bxe4
44.Bg4  1-0

[Event "Titograd"]
[Site "Titograd"]
[Date "1984.??.??"]
[Round "?"]
[White "Velimirovic, Dragoljub"]
[Black "Taimanov, Mark E"]
[Result "1/2-1/2"]
[WhiteElo "2500"]
[BlackElo "2515"]

1.e4 c5 2.Nf3 Nc6 3.d4 cxd4 4.Nxd4 e6 5.Nc3 a6 6.Be2 Nge7 7.f4 b5 8.Be3 Nxd4
9.Qxd4 Nc6 10.Qd2 Be7 11.O-O O-O 12.Bd3 Bb7 13.Qf2 Rc8 14.Rad1 Na5 15.Kh1 Nc4
16.Bc1 Rc7 17.a4 b4 18.Ne2 Qa8 19.Ng3 Bh4 20.Qe2 Rfc8 21.b3 Bxg3 22.Bxc4 Bh4
23.f5 d5 24.exd5 exd5 25.Bd3 Bf6 26.Qg4 d4 27.Rf2 Re8 28.Bg5 Qd8 29.Bxf6 Qxf6
30.Rf4 Rd7 31.Qh4 Qxh4  1/2-1/2

[Event "Titograd"]
[Site "Titograd"]
[Date "1984.??.??"]
[Round "?"]
[White "Velimirovic, Dragoljub"]
[Black "Zapata, Alonso"]
[Result "1-0"]
[WhiteElo "2500"]
[BlackElo "2470"]

1.e4 c5 2.Nf3 e6 3.d4 cxd4 4.Nxd4 Nc6 5.Nc3 a6 6.Be2 Nge7 7.Bg5 Qa5 8.Bh4 Nxd4
9.Qxd4 Nc6 10.Qd2 Bc5 11.O-O O-O 12.Kh1 b5 13.f4 f6 14.a3 Ba7 15.b4 Qc7 16.a4 Nxb4
17.axb5 a5 18.Na4 Qxc2 19.Qxc2 Nxc2 20.Rac1 Nb4 21.b6 Bb8 22.Rxc8 Rxc8 23.b7 Ba7
24.Bb5 Nc6 25.Bxc6 dxc6 26.Bf2 Bxf2 27.Rxf2 Kf7 28.g3 Rab8 29.bxc8=Q Rxc8
30.Rc2 Rb8 31.Rxc6 Rb4 32.Nc5 a4 33.Rc7+ Kg6 34.Ra7 Rc4 35.Nxe6 Rxe4 36.Nc5 Rc4
37.Nxa4 Rc2 38.Rb7 h5 39.Rb2 Rc4 40.Nb6 Rd4 41.Kg2 h4 42.Rc2 hxg3 43.hxg3 Kf5
44.Nc4 g5 45.Ne3+ Ke4 46.fxg5 fxg5 47.Kf2 Rd8 48.Ke2 Ke5 49.Rc6 Ra8 50.Kf3 Ra3
51.Rg6 Kd4 52.Re6  1-0

[Event "Titograd"]
[Site "Titograd"]
[Date "1984.??.??"]
[Round "?"]
[White "Ivanovic, Bozidar"]
[Black "Marjanovic, Slavoljub"]
[Result "1/2-1/2"]
[WhiteElo "2525"]
[BlackElo "2525"]

1.e4 c5 2.Nf3 e6 3.d4 cxd4 4.Nxd4 Nc6 5.Nc3 Qc7 6.Be2 a6 7.f4 b5 8.Nxc6 Qxc6
9.Bf3 Bb7 10.Be3 Rc8 11.O-O Bc5 12.Bf2 Qc7 13.e5 Ne7 14.a4 b4 15.Ne4 Bxe4
16.Bxe4 d5 17.Bd3 a5 18.Qh5 h6 19.Kh1 g6 20.Qh4 Nf5 21.Qf6 Rh7 22.Bb5+ Kf8
23.Bxc5+ Qxc5 24.Bd7 Re8 25.Bxe8 Kxe8 26.c3 b3 27.Rf3 h5 28.Qg5 h4 29.Rh3 Qf2
30.Qg4 Ne3 31.Rxe3 Qxe3 32.h3 Rh5 33.Rf1 Qd2 34.Qd1 Qxb2 35.c4 d4 36.c5 Qc2
37.Qxd4 Kf8 38.Qd1 Qxc5 39.Qxb3 Kg7 40.Qb5 Qc3 41.Rf3 Qe1+ 42.Kh2 Rf5 43.Rf1 Qd2
44.Kh1 Qc3 45.Rf3 Qe1+ 46.Rf1 Qd2 47.Kg1 g5 48.fxg5 Qe3+ 49.Kh1 Rxf1+ 50.Qxf1 Qxe5
51.Qb5 Qe1+ 52.Kh2 Kg6 53.Qb8 Kxg5 54.Qc7 f6 55.Qg7+ Kf5 56.Qh7+ Kf4 57.Qh5 f5
58.Qh6+ Ke5 59.Qg7+ Ke4 60.Qb7+ Kf4 61.Qc7+ Qe5 62.Qe7 Ke3+ 63.Kh1 Qe4 64.Qc5+ Qd4
65.Qa3+ Kf4 66.Qc1+ Qe3 67.Qc7+ e5 68.Kh2 Qe1 69.Qd6 Ke4 70.Qc6+ Kd3 71.Qf3+ Kc2
72.Qxf5+ e4 73.Qc5+ Kb3 74.Qd5+ Kxa4 75.Qc4+ Ka3 76.Qc5+ Qb4 77.Qc1+ Kb3
78.Qb1+ Kc3 79.Qe1+ Kd3 80.Qf1+ Kd2 81.Qf2+ Kd1 82.Qf1+ Qe1 83.Qc4 Qg3+ 84.Kh1 Qd3
85.Qa4+ Qc2 86.Qxa5 e3 87.Qd5+ Kc1 88.Qg5 Qd2 89.Qxh4 e2 90.Qc4+ Qc2 91.Qf4+ Kb1
92.Qb4+ Qb2 93.Qe4+ Kc1 94.Qf4+ Kc2 95.Qc4+ Kd2 96.Qf4+ Kd1 97.Qa4+ Qc2  1/2-1/2

[Event "Titograd"]
[Site "Titograd"]
[Date "1984.??.??"]
[Round "?"]
[White "Zapata, Alonso"]
[Black "Marjanovic, Slavoljub"]
[Result "1/2-1/2"]
[WhiteElo "2470"]
[BlackElo "2525"]

1.e4 c5 2.Nf3 e6 3.d4 cxd4 4.Nxd4 Nc6 5.Nc3 Qc7 6.Be2 a6 7.O-O Nf6 8.Kh1 Nxd4
9.Qxd4 Bc5 10.Qd3 h5 11.f4 Ng4 12.Qg3 b5 13.e5 Bb7 14.Bf3 O-O-O 15.a4 b4
16.Ne4 Bxe4 17.Bxe4 d5 18.Bd3 Kb7 19.Bd2 Ka7 20.Qe1 a5 21.Qe2 g6 22.Rf3 Qb6
23.Raf1 Rd7 24.h3 Rc7 25.g3 Nh6 26.c3 Nf5 27.Rc1 Rhc8 28.Kh2 Kb7 29.g4 hxg4
30.hxg4 Rh8+ 31.Rh3 Rxh3+ 32.Kxh3 Ne7 33.Kg2 Nc6 34.Rh1 Ka7 35.Rh7 f5 36.Rh8 Qb7
37.Ba6 Qb6 38.Bb5 Ne7 39.g5 bxc3 40.bxc3 d4 41.Qf3 Rb7 42.c4 Rb8 43.Rh7 d3
44.Qxd3 Rd8 45.Qe2 Kb8 46.Bc3 Qb7+ 47.Kg3 Qe4 48.Qxe4 fxe4 49.Bxa5 Rd3+ 50.Kg2 Ra3
51.Rh8+ Kb7 52.Rd8 Nf5 53.Rd7+ Kb8 54.Bc6 Ne3+ 55.Kh1  1/2-1/2

[Event "Tirnavia"]
[Site "Trnava"]
[Date "1984.??.??"]
[Round "5"]
[White "Lanc, Alois"]
[Black "Plaskett, Jim"]
[Result "1-0"]
[WhiteElo "2390"]
[BlackElo "2475"]

1.e4 c5 2.Nf3 Nc6 3.d4 cxd4 4.Nxd4 e6 5.Nc3 Qc7 6.f4 a6 7.Be2 b5 8.Nxc6 Qxc6
9.Bf3 Bb7 10.Qe2 Rc8 11.a3 Qc4 12.Bd2 Nf6 13.e5 Bxf3 14.Qxf3 Nd5 15.Nxd5 exd5
16.Rf1 d6 17.a4 Be7 18.axb5 O-O 19.bxa6 dxe5 20.Qd3 Qc7 21.c3 e4 22.Qe2 Bc5
23.Be3 Rfd8 24.g3 Qb6 25.Bxc5 Rxc5 26.Rf2 Rb5 27.Kf1 f5 28.b4 d4 29.cxd4 Qxd4
30.Qxb5 Qxa1+ 31.Kg2 e3 32.Re2 Qd4 33.Qxf5 Rf8 34.Qe6+ Kh8 35.Qxe3 Qxb4 36.Qe7 Qb8
37.a7 Qa8+ 38.Re4 h6 39.h4  1-0

[Event "Troon"]
[Site "Troon"]
[Date "1984.??.??"]
[Round "3"]
[White "Pritchett, Craig William"]
[Black "Cramling, Dan"]
[Result "1/2-1/2"]
[WhiteElo "2395"]
[BlackElo "2380"]

1.e4 c5 2.Nf3 e6 3.d4 cxd4 4.Nxd4 Nc6 5.Nc3 a6 6.Be2 d6 7.O-O Nf6 8.Be3 Be7
9.f4 O-O 10.Qe1 Bd7 11.Qg3 b5 12.a3 Nxd4 13.Bxd4 Bc6 14.Kh1 Qd7 15.Rae1 g6
16.Bf3 Rac8 17.f5 Ne8 18.Bg4 Nf6 19.Bxf6 Bxf6 20.fxe6 fxe6 21.Nd5 Be5 22.Qh3 Rce8
23.Rxf8+  1/2-1/2

[Event "Tunja"]
[Site "Tunja"]
[Date "1984.??.??"]
[Round "5"]
[White "Cuartas, Carlos"]
[Black "Zapata, Alonso"]
[Result "1/2-1/2"]
[WhiteElo "2330"]
[BlackElo "2470"]

1.e4 c5 2.Nf3 e6 3.d4 cxd4 4.Nxd4 Nc6 5.Nc3 a6 6.Be2 Nge7 7.O-O Nxd4 8.Qxd4 Nc6
9.Qd3 Qc7 10.Bg5 Bd6 11.Qh3 b5 12.Rad1 Bf4 13.Qh4 Bxg5 14.Qxg5 O-O 15.f4 f6
16.Qh4 Bb7 17.Rf3 Rf7 18.Rh3 g6 19.Qf2 Ne7 20.Rhd3 Rd8 21.a3 f5 22.e5 Nc8
23.Bf3 Bxf3 24.Qxf3 Nb6 25.b3 Rb8 26.Qe3 Rff8 27.h4 Rfc8 28.Qg3 Kf8 29.Qh2 Rb7
30.R1d2 Kg7 31.Ne2 Qd8 32.Rd6 Qe7 33.Nd4 Ra8 34.Nf3 Nc8 35.R6d3 Kh8 36.h5 gxh5
37.Qh3 Nb6 38.Qxh5 Rg8 39.Ng5 Rg7 40.Rd6 Rb8 41.g3 Rg6 42.Kg2 Kg8 43.Qf3 h6
44.Qh5 Qe8 45.Rxb6 Rxb6 46.Rxd7 Qxd7 47.Qxg6+ Qg7  1/2-1/2

[Event "Tunja"]
[Site "Tunja"]
[Date "1984.??.??"]
[Round "8"]
[White "Alzate, Dario"]
[Black "Zapata, Alonso"]
[Result "0-1"]
[WhiteElo "2390"]
[BlackElo "2470"]

1.e4 c5 2.Nf3 e6 3.d4 cxd4 4.Nxd4 Nc6 5.Nc3 Qc7 6.Be2 a6 7.O-O Nf6 8.Kh1 Be7
9.f4 d6 10.Be3 O-O 11.a4 Bd7 12.Qe1 Nxd4 13.Bxd4 Bc6 14.Qg3 g6 15.Bf3 Nd7
16.Rae1 Rfe8 17.f5 e5 18.Be3 Nf6 19.Bg5 Qd8 20.Qh4 Kg7 21.Be2 Ng8 22.fxg6 hxg6
23.Rxf7+ Kxf7 24.Qh7+ Kf8 25.Rf1+ Bf6 26.Bc4 d5 27.Nxd5 Bxd5 28.Bxd5  0-1

[Event "Vrnjacka Banja"]
[Site "Vrnjacka Banja"]
[Date "1984.??.??"]
[Round "?"]
[White "Martinovic, Slobodan"]
[Black "Tosic, Miroslav"]
[Result "1/2-1/2"]
[WhiteElo "2460"]
[BlackElo "2350"]

1.e4 c5 2.Nf3 e6 3.d4 cxd4 4.Nxd4 Nc6 5.Nc3 d6 6.g3 Bd7 7.Bg2 Nf6 8.O-O Be7
9.Re1 a6 10.Nxc6 Bxc6 11.a4 O-O 12.a5 Qd7 13.Be3 Bd8 14.h3 Bc7 15.Qd4 Rfb8
16.Qb4 Qd8 17.Red1 Nd7 18.b3 b6 19.axb6 Nxb6 20.Qd4 Qc8 21.Ra2 Qb7 22.Rda1 Nd7
23.Kh2 a5 24.f4 Nc5 25.Qc4  1/2-1/2

[Event "Vrnjacka Banja"]
[Site "Vrnjacka Banja"]
[Date "1984.??.??"]
[Round "?"]
[White "Krnic, Zdenko"]
[Black "Tosic, Miroslav"]
[Result "0-1"]
[WhiteElo "2410"]
[BlackElo "2350"]

1.e4 c5 2.Nf3 e6 3.Nc3 Nc6 4.d4 cxd4 5.Nxd4 d6 6.g3 Nf6 7.Bg2 Bd7 8.O-O Be7
9.Ndb5 Qb8 10.a4 O-O 11.Be3 Ne5 12.Qe2 Rc8 13.Na3 Bc6 14.Rfd1 b6 15.h3 Qb7
16.Bf4 a6 17.Bxe5 dxe5 18.Nc4 Qc7 19.a5 bxa5 20.Nxa5 Be8 21.Nb3 a5 22.Nc1 a4
23.N1a2 Bc5 24.Rdc1 Qb7 25.Rab1 Bd4 26.Re1 Rab8 27.Nd1 Bb5 28.Qd2 Bc6 29.Qe2 Qa8
30.Kh2 Qa5 31.c3 Bc5 32.Ne3 Qa8 33.Nc2 Bb5 34.Qf3 Rd8 35.Nab4 Rd2 36.Ne3 Bxb4
37.cxb4 Bd3 38.Nf1 Bxf1 39.Rxf1 Rxb4 40.Qc3 Rbd4 41.Ra1 Qb8 42.Rxa4 R4d3
43.Rb4 Qf8 44.Qc4 Rd4 45.Rc1  0-1

[Event "Hoogovens-B"]
[Site "Wijk aan Zee"]
[Date "1984.??.??"]
[Round "4"]
[White "Kuijf, Marinus"]
[Black "Ilic, Zoran"]
[Result "0-1"]
[WhiteElo "2430"]
[BlackElo "2445"]

1.e4 c5 2.Ne2 Nc6 3.d4 cxd4 4.Nxd4 e6 5.Nc3 Qc7 6.Be2 a6 7.O-O Nf6 8.Nxc6 bxc6
9.f4 d5 10.e5 Nd7 11.Kh1 Be7 12.Bd3 Nc5 13.Be2 O-O 14.Be3 a5 15.Bxc5 Bxc5
16.Na4 Be7 17.c4 Bd7 18.Rc1 Qa7 19.Bd3 g6 20.Rf3 Qd4 21.Qe2 f5 22.b3 Qa7
23.c5 Rab8 24.Qc2 Kh8 25.Qc3 Be8 26.a3 Bd8 27.Bc2 Rg8 28.b4 axb4 29.axb4 g5
30.fxg5 Rxg5 31.Nb2 Qg7 32.Rf2 Rg4 33.Nd3 Qh6 34.Rcf1 Bh4 35.Rf3 Rc4 36.Qb3 Qd2
37.Bb1 Bh5 38.Rh3 Rg4 39.Rg1 Rbg8 40.Qc2 Qg5 41.g3 Re4 42.Qf2 Qg4 43.Qg2 Re2
44.Rxh4 Qxh4 45.gxh4 Rgxg2 46.Rxg2 Bf3 47.Kg1 Rxg2+ 48.Kf1 Rd2 49.b5 Be2+
50.Ke1 Rxd3 51.Kxe2 Rc3 52.b6 Rxc5 53.Bd3 Rc3  0-1

[Event "URS-ch sf"]
[Site "Aktjubinsk"]
[Date "1985.??.??"]
[Round "?"]
[White "Dvoirys, Semen I"]
[Black "Giorgadze, Tamaz"]
[Result "1/2-1/2"]
[WhiteElo "2445"]
[BlackElo "2500"]

1.e4 c5 2.Nf3 e6 3.d4 cxd4 4.Nxd4 Nc6 5.Nc3 d6 6.Be2 Be7 7.O-O Nf6 8.Kh1 O-O
9.f4 Bd7 10.Nb3 Rc8 11.Bf3 Qc7 12.Be3 Rfd8 13.Nb5 Qb8 14.c4 a6 15.Nc3 b5
16.cxb5 axb5 17.Rf2 Be8 18.Rd2 Nd7 19.Qe2 b4 20.Na4 Qa8 21.Nb6 Nxb6 22.Bxb6 Rd7
23.Rc2 Qb8 24.Be3 Rdc7 25.Rd2 Na7 26.Bg4 Bd7 27.Rad1 Nb5 28.f5 e5 29.h3 Qb7
30.Rd5 f6 31.Qd3 Be8 32.Be2 Rb8 33.Qd2 Qa8 34.Rc1 Rxc1+ 35.Qxc1 Bc6 36.Rd2 Kh8
37.Bxb5 Bxb5 38.Qc7 Re8 39.Rd5 Qc6 40.Qa7 Qc4 41.Nd2 Qc1+ 42.Kh2 Bc6 43.Qc7 Qc2
44.b3 Kg8 45.Nf3 Bd8 46.Rd2 Qxe4 47.Qxd6 Be7 48.Qe6+ Kh8 49.Bb6 h6 50.Qc4 Rb8
51.Nh4 Qxc4 52.Ng6+ Kg8 53.Nxe7+ Kf7 54.bxc4 Rxb6 55.Nc8 Rb8 56.Nd6+ Ke7
57.c5 Ra8 58.Nc4 Ra7 59.g4 Rd7 60.Rb2 Ra7 61.Rd2 Rd7 62.Rb2 Ra7  1/2-1/2

[Event "URS-ch sf"]
[Site "Aktjubinsk"]
[Date "1985.??.??"]
[Round "?"]
[White "Dvoirys, Semen I"]
[Black "Gorelov, Sergey G"]
[Result "1/2-1/2"]
[WhiteElo "2445"]
[BlackElo "2425"]

1.e4 c5 2.Nf3 e6 3.Nc3 Nc6 4.d4 cxd4 5.Nxd4 Nf6 6.Ndb5 d6 7.Bf4 e5 8.Bg5 a6
9.Na3 b5 10.Bxf6 gxf6 11.Nd5 f5 12.Bd3 Be6 13.O-O Bg7 14.c4 bxc4 15.Nxc4 O-O
16.Ncb6 fxe4 17.Bxe4 Rb8 18.Bxh7+ Kxh7 19.Qc2+ e4 20.Qxc6 Bd4 21.Rad1 Bxb6
22.Nxb6 Qxb6 23.Qxe4+ Kg7 24.Qf4 Rfd8 25.Qg5+ Kf8 26.b3 Qc5 27.Qh4 Rdc8 28.Rfe1 Rb4
29.Qf6 Re8 30.Rd3 Rg4 31.h3 Rg6 32.Qh8+ Ke7 33.Qh4+ Qg5 34.Qe4 Kf8 35.Rxd6 Bd7
36.Rxg6 Qd2 37.Rxa6 Rxe4 38.Rxe4 Kg7 39.Ra7 Qd1+ 40.Kh2 Qd6+ 41.Kg1 Qd1+
42.Kh2 Qd6+ 43.Kg1 Qd1+ 44.Kh2  1/2-1/2

[Event "URS-ch sf"]
[Site "Aktjubinsk"]
[Date "1985.??.??"]
[Round "?"]
[White "Kachur, Alexander"]
[Black "Giorgadze, Tamaz"]
[Result "0-1"]
[WhiteElo "2200"]
[BlackElo "2500"]

1.e4 c5 2.Nf3 e6 3.d4 cxd4 4.Nxd4 Nc6 5.Nc3 d6 6.Be3 Nf6 7.f4 e5 8.Nb3 Ng4
9.Bd2 exf4 10.Bxf4 Be7 11.Qd2 O-O 12.O-O-O Nge5 13.Nd5 Be6 14.Be2 Bxd5 15.exd5 Nb8
16.Nd4 Ng6 17.Be3 Bf6 18.g4 Bxd4 19.Bxd4 Nd7 20.h4 Nge5 21.g5 f5 22.gxf6 Rxf6
23.h5 Qe7 24.Rde1 Qf7 25.Bc3 Rf8 26.Rhg1 Rf2 27.Rg3 Qf5 28.Reg1 Rf7 29.Bd4 Rh2
30.Qe3 Kf8 31.Bd1 b6 32.Rxg7 Rxg7 33.Rxg7 Rxc2+ 34.Bxc2 Qf1+ 35.Bd1 Kxg7
36.Qg5+ Kf7 37.h6 Ng6 38.Qe3 Nde5 39.Bxe5 Nxe5 40.Qe4 Nd3+ 41.Kd2 Qxd1+ 42.Kc3 Qe1+
43.Kxd3 Qxe4+ 44.Kxe4 Kg6 45.Kf4 b5 46.b4 Kf6 47.a3 a6 48.Kg4 Ke5 49.Kg5 Ke4
50.Kf6 Kxd5 51.Kf5 Kc4 52.Kf6 d5 53.Kg7 d4 54.Kxh7 d3 55.Kg6 d2 56.h7 d1=Q
57.h8=Q Qd3+ 58.Kg5 Qg3+ 59.Kf5 Qxa3 60.Qh4+ Kb3 61.Qg3+ Kxb4 62.Qd6+ Kb3
63.Qd3+ Ka2 64.Qe2+ Ka1 65.Qe1+ Ka2 66.Qe6+ Qb3 67.Qxa6+ Kb1 68.Kg5 b4 69.Qf1+ Kb2
70.Qf2+ Qc2 71.Qd4+ Qc3 72.Qf2+ Kb1 73.Kh5 b3 74.Qf1+ Kc2 75.Qe2+ Qd2 76.Qe4+ Kc1
77.Qc4+ Kb2 78.Qe4 Qa5+ 79.Kg4 Ka1 80.Qd4+ b2 81.Kh4 Qb5 82.Qa7+ Kb1 83.Qg1+ Kc2
84.Qf2+ Kc3 85.Qe1+ Kb3 86.Qe3+ Kb4 87.Qe7+ Ka4 88.Qa7+ Qa5 89.Qd7+ Kb3 90.Qe6+ Ka3
91.Qe3+ Ka4 92.Qe8+ Qb5 93.Qa8+ Kb4 94.Qf8+ Qc5 95.Qb8+ Kc3 96.Qg3+ Kc4 97.Qg8+ Qd5
98.Qc8+ Kd3 99.Qh3+ Kd4 100.Qf1 Qe4+  0-1

[Event "Albena"]
[Site "Albena"]
[Date "1985.??.??"]
[Round "?"]
[White "Ermenkov, Evgenij"]
[Black "Kirov, Nino"]
[Result "1/2-1/2"]
[WhiteElo "2500"]
[BlackElo "2475"]

1.e4 c5 2.Nf3 e6 3.d4 cxd4 4.Nxd4 Nc6 5.Nc3 a6 6.g3 Nxd4 7.Qxd4 Ne7 8.f4 b5
9.Bg2 Qc7 10.a3 Nc6 11.Qf2 Na5 12.O-O Bc5 13.Be3 Bxe3 14.Qxe3 Nc4 15.Qd4 Qa7
16.Qxa7 Rxa7 17.Nd1 Rc7 18.Rf2 Bb7 19.Re2 Ke7 20.c3 Na5  1/2-1/2

[Event "OHRA-B"]
[Site "Amsterdam"]
[Date "1985.??.??"]
[Round "5"]
[White "Bosboom, Manuel"]
[Black "Boersma, Paulus A"]
[Result "0-1"]
[WhiteElo "2340"]
[BlackElo "2385"]

1.e4 c5 2.Nf3 Nc6 3.d4 cxd4 4.Nxd4 e6 5.Nc3 Qc7 6.Be2 a6 7.O-O Nf6 8.Be3 Bb4
9.Nxc6 bxc6 10.Na4 Be7 11.Nb6 Rb8 12.Nxc8 Qxc8 13.e5 Nd5 14.Bc1 Bc5 15.a3 a5
16.Bd3 Qc7 17.Qe2 Bd4 18.c4 Ne7 19.Qg4 Bxe5 20.f4 f5 21.Qe2 Bd4+ 22.Kh1 O-O
23.Rb1 c5 24.Bc2 Nc6 25.Ba4 e5 26.fxe5 Bxe5 27.Be3 Bxh2 28.Qh5 Be5 29.Rxf5 g6
30.Rxf8+ Rxf8 31.Qg4 Rf5 32.Re1 Rh5+ 33.Kg1 Bh2+ 34.Kf1 Rf5+ 35.Ke2 Qe5 36.Kd1 Bf4
37.Bxc6 dxc6 38.Bxf4 Qd4+ 39.Kc2 Qxc4+ 40.Kb1 Qxf4 41.Qe2 Kg7 42.Ka1 h5 43.Qe6 Qd4
44.Qxc6 Rf2 45.Qb7+ Kh6 46.Rc1 a4 47.g3 Rd2 48.Qb8 Rf2 49.Qb6 Rf3 50.Rxc5 Rf1+
51.Ka2 Qd1 52.Rxh5+ Kxh5 53.Qc5+ Rf5  0-1

[Event "OHRA-B"]
[Site "Amsterdam"]
[Date "1985.??.??"]
[Round "5"]
[White "Hellers, Ferdinand"]
[Black "Kurajica, Bojan"]
[Result "1-0"]
[WhiteElo "2380"]
[BlackElo "2505"]

1.e4 c5 2.Nf3 Nc6 3.d4 cxd4 4.Nxd4 e6 5.Nc3 Qc7 6.f4 a6 7.Be2 d6 8.Be3 Nf6
9.O-O Be7 10.Qe1 O-O 11.Qg3 d5 12.e5 Nd7 13.Bd3 Nc5 14.f5 Nxd3 15.cxd3 Nxd4
16.f6 Bxf6 17.Bxd4 Bd8 18.Rf4 Bd7 19.Raf1 Be8 20.Rg4 f5 21.exf6 Qxg3 22.Rxg3 Bg6
23.fxg7 Rxf1+ 24.Kxf1 Bc7 25.Re3 e5 26.Bxe5 Bxd3+ 27.Rxd3 Bxe5 28.Rxd5 Bxc3
29.bxc3 Rc8 30.Rd3 b5 31.Ke1 Rc4 32.Kd1 Ra4 33.Rd2 Kxg7 34.Kc1 Kf6 35.Kb2 Ke5
36.Kb3 Rf4 37.g3 Rf7 38.Kb4 Rc7 39.Rd4 Rc6 40.Rh4 h6 41.c4 bxc4 42.Rxc4 Rd6
43.a4 Kf5 44.Ka5 Kg5 45.Rb4 h5 46.Rb6 Rd2 47.h4+ Kf5 48.Kxa6 Kg4 49.Rg6+ Kf3
50.a5 Rb2 51.Ka7 Rb3 52.a6 Re3 53.Kb7 Re1 54.Kb6  1-0

[Event "OHRA-B"]
[Site "Amsterdam"]
[Date "1985.??.??"]
[Round "7"]
[White "Borm, Franciscus WM"]
[Black "Kurajica, Bojan"]
[Result "0-1"]
[WhiteElo "2385"]
[BlackElo "2505"]

1.e4 c5 2.Nf3 Nc6 3.d4 cxd4 4.Nxd4 e6 5.Nc3 a6 6.Be2 d6 7.O-O Nf6 8.Kh1 Be7
9.f4 Nxd4 10.Qxd4 O-O 11.Qf2 Nd7 12.a4 b6 13.Be3 Bb7 14.Rad1 Qc7 15.Qg3 Bf6
16.Bd4 Rad8 17.Bxf6 Nxf6 18.Rd4 d5 19.exd5 Nxd5 20.Nxd5 Rxd5 21.Rxd5 Bxd5
22.Bd3 Bc4 23.b3 Bxd3 24.Qxd3 b5 25.f5 Rd8 26.Qe4 exf5 27.Qxf5 g6 28.Qf3 Rd2
29.c4 Qe7 30.h3 Re2 31.Qf4 Qe6 32.Rf3 Re4 33.Qc7 Kg7 34.Kh2 Re3 35.Qg3 Rxf3
36.Qxf3 Qe5+ 37.Kh1 h5 38.Qf2 Qa1+ 39.Kh2 Qf6 40.Qe3 Qd6+ 41.Kh1 h4 42.Qc3+ f6
43.Qf3 Qd4 44.Kh2 g5 45.Kh1 Kf7 46.Qf1 Qe3 47.Qd1 Ke7 48.Kh2 Qe5+ 49.Kh1 Qd6
50.Qe1+ Kd7 51.Qe3 Kc7 52.Qe1 Kc6 53.Qe3 Qe5 54.Qf2 Qa1+ 55.Kh2 Qc3 56.Qa2 Qe5+
57.Kh1 Qe1+ 58.Kh2 Qe5+ 59.Kh1 Qd4 60.Kh2 f5 61.Qb1 Qe5+ 62.Kh1 Kc5 63.Qg1+ Qd4
64.Qe1 Qe4 65.Qf2+ Kc6 66.Qc2 Qe1+ 67.Kh2 Qe6 68.Qf2 Qd6+ 69.Kh1 Qd1+ 70.Kh2 Qd3
71.Kh1 Qb1+ 72.Kh2 Qe4 73.Qb2 Qf4+ 74.Kh1 Qf1+ 75.Kh2 Qd1 76.Qh8 Qd6+ 77.Kh1 Qd1+
78.Kh2 Qd7 79.Kh1 Kb7 80.Qh5 Qe7 81.Qd1 Kc7 82.Qd2 Qd8 83.Qe2 Qd6 84.Qh5 Qf6
85.Qd1 Qe5 86.Qb1 Qe6 87.Qg1 Kc6 88.Qf2 Qe4 89.Qb2 Qe1+ 90.Kh2 Qe7 91.Qh8 g4
92.hxg4 fxg4 93.Qa8+ Qb7 94.Qh8 Qc7+ 95.Kh1 g3 96.b4 Kb7 97.Qxh4 Qg7  0-1

[Event "OHRA-B"]
[Site "Amsterdam"]
[Date "1985.??.??"]
[Round "9"]
[White "De Wit, Johannes S"]
[Black "Kurajica, Bojan"]
[Result "0-1"]
[WhiteElo "2390"]
[BlackElo "2505"]

1.e4 c5 2.Nf3 Nc6 3.d4 cxd4 4.Nxd4 e6 5.Nc3 a6 6.Be2 d6 7.O-O Nf6 8.Be3 Be7
9.f4 O-O 10.Qe1 Nd7 11.Rd1 Re8 12.Kh1 Bf8 13.Qg3 Qc7 14.Nf3 b5 15.e5 dxe5
16.fxe5 f5 17.exf6 Qxg3 18.f7+ Kxf7 19.hxg3 Kg8 20.a4 bxa4 21.Nxa4 Nb4 22.Nd4 Nd5
23.Bc1 N7f6 24.c4 Nb4 25.Bf3 Ra7 26.g4 h6 27.Nb6 Bb7 28.Be3 Bxf3 29.gxf3 Rc7
30.Nb3 e5 31.c5 e4 32.Bf4 Rc6 33.fxe4 Nxe4 34.Nd7 Bxc5 35.Nd4 Rg6 36.Nxc5 Nxc5
37.Nf5 Ncd3 38.Bd6 Rxg4 39.Rg1 Ree4 40.Rd2 Kh7 41.Kh2 Rxg1 42.Kxg1 Kg6 43.Ne7+ Kf6
44.Nc8 g5 45.Nb6 h5 46.b3 Re1+ 47.Kh2 Kf5 48.Nc4 h4 49.Nb2 Re3 50.Nd1 Re6
51.Bxb4 Nxb4 52.Rd4 Nc6 53.Rd5+ Kf4  0-1

[Event "ITA-ch44"]
[Site "Arcidosso"]
[Date "1985.??.??"]
[Round "7"]
[White "Gallo, Enrico"]
[Black "Bruno, Fabio"]
[Result "1-0"]
[WhiteElo "2030"]
[BlackElo "2310"]

1.e4 c5 2.Nf3 e6 3.d4 cxd4 4.Nxd4 Nc6 5.Nc3 d6 6.Bc4 Nf6 7.Be3 Be7 8.Qe2 Bd7
9.O-O-O O-O 10.f3 Nxd4 11.Bxd4 a6 12.g4 b5 13.Bb3 b4 14.Na4 Rb8 15.Qf2 Qc7
16.g5 Nh5 17.f4 Nxf4 18.Bf6 Ng6 19.h4 Rb5 20.Rdg1 Qa5 21.Bd4 Ne5 22.h5 Nc6
23.Bf6 Qd8 24.h6 g6 25.c4 Rxg5 26.Bxg5 Bxg5+ 27.Kb1 Be7 28.c5 dxc5 29.Rd1 Qc7
30.Nxc5 Bc8 31.Rhf1 Ne5 32.Rc1 Qb8 33.Qf4 a5 34.Nd3 Nd7 35.e5 Ba6 36.Bc4 Bb7
37.Rc2 Nb6 38.Rcf2 Nxc4 39.Qxc4 Bd5 40.Qd4 Bg5 41.Nf4 Rd8 42.Nxd5 Rxd5 43.Qg4 Bxh6
44.Rxf7 Rxe5 45.Qh4 Qa8 46.Ka1 Qe8 47.Ra7 Bg7 48.Rxg7+  1-0